000 00473nam a2200169Ia 4500
008 180921t2016 xxu||||| |||| 00| 0 sin d
041 _asin
080 _a39
_bAMU
100 _aAmunugama, Sarath
245 _aසංස්කෘතික සමාජය හා පරිසරය
246 _aSanskruthika Samajaya Ha Parisaraya
260 _bSarasavi
_aNugegoda
_c2016
300 _b220p, 22cm
942 _cBK
999 _c385
_d385
003 LK-CoDNM
040 _aLK-CoDNM
_dLK-CoDNM
_eLK-CoDNM